Inštitucionálna štruktúra Európskej únie

Inštitucionálny rámec Európskej únie a jej hlavných orgánov. Európska rada (European Council). Rada Európskej únie (Council of the EU). Európska komisia (European Commission). Európsky parlament (European Parliament). Pokrač. v č. 4/2004.

Salvato in:
Dettagli Bibliografici
Autore principale: Gonda, Vladimír
Natura: Capitolo di libro
Lingua:slovacco
Soggetti:
Tags: Aggiungi Tag
Nessun Tag, puoi essere il primo ad aggiungerne!!

MARC

LEADER 00000naa$a2200000$$$4500
001 0008378
005 20240502071353.2
041 0 |a slo 
044 |a SK 
245 1 0 |a Inštitucionálna štruktúra Európskej únie  |c aut. Vladimír Gonda 
520 |a Inštitucionálny rámec Európskej únie a jej hlavných orgánov. Európska rada (European Council). Rada Európskej únie (Council of the EU). Európska komisia (European Commission). Európsky parlament (European Parliament). Pokrač. v č. 4/2004. 
610 2 0 |a Európska únia 
610 2 0 |a inštitúcia 
610 2 0 |a Európska rada 
610 2 0 |a Rada Európskej únie 
610 2 0 |a Európska komisia 
610 2 0 |a Európsky parlament 
100 1 |a Gonda, Vladimír